[Event "2nd Colonial Open 2021"]
[Site "Sterling"]
[Date "2021.04.04"]
[Round "4.7"]
[White "Zhurbinsky, David"]
[Black "Zaloznyy, Mike"]
[Result "1-0"]
[WhiteElo "1823"]
[BlackElo "1996"]
[Annotator "ChessBase"]
[PlyCount "167"]
[EventDate "2021.04.02"]
[EventType "swiss"]
[EventCountry "USA"]
[SourceTitle "playchess.com"]
[Source "ChessBase"]
[SourceQuality "1"]
[TimeControl "7200+30"]

1. e4 {[%emt 0:00:00]} d6 {[%emt 0:01:43]} 2. d4 {[%emt 0:00:00]} Nf6 {[%emt 0:00:03]} 3. Nc3 {[%emt 0:00:00]} e5 {[%emt 0:00:08]} 4. Nf3 {[%emt 0:00:38]} Nbd7 {[%emt 0:00:07]} 5. Bc4 {[%emt 0:01:10]} Be7 {[%emt 0:00:20]} 6. Bxf7+ {[%emt 0:05:33]} Kxf7 {[%emt 0:00:08]} 7. Ng5+ {[%emt 0:00:03]} Kg8 {[%emt 0:00:14]} 8. Ne6 {[%emt 0:01:23]} Qe8 {[%emt 0:00:11]} 9. Nxc7 {[%emt 0:00:48]} Qg6 {[%emt 0:00:10]} 10. Nxa8 {[%emt 0:01:38]} Qxg2 {[%emt 0:00:07]} 11. Rf1 {[%emt 0:00:18]} exd4 {[%emt 0:00:06]} 12. Qxd4 {[%emt 0:06:21]} Ne5 {[%emt 0:00:12]} 13. f3 {[%emt 0:07:02]} Bh3 {[%emt 0:23:19]} 14. Qf2 {[%emt 0:04:40]} Qxf1+ {[%emt 0:04:38]} 15. Qxf1 {[%emt 0:00:05]} Bxf1 {[%emt 0:00:13]} 16. Kxf1 {[%emt 0:00:15]} Nxf3 {[%emt 0:00:37]} 17. Bf4 {[%emt 0:05:31]} Nh5 {[%emt 0:28:34]} 18. Bg3 {[%emt 0:16:03]} Nxg3+ {[%emt 0:01:58]} 19. hxg3 {[%emt 0:00:29]} Nd4 {[%emt 0:00:04]} 20. Nd5 {[%emt 0:03:19]} Kf7 {[%emt 0:07:17]} 21. Nac7 {[%emt 0:01:31]} Nxc2 {[%emt 0:08:08]} 22. Rc1 {[%emt 0:00:47]} Nd4 {[%emt 0:00:52]} 23. Nxe7 {[%emt 0:01:41]} Kxe7 {[%emt 0:00:24]} 24. Nd5+ {[%emt 0:00:28]} Ke6 {[%emt 0:01:01]} 25. Rc7 {[%emt 0:00:56]} Rf8+ {[%emt 0:04:49]} 26. Nf4+ {[%emt 0:06:04]} Kf6 {[%emt 0:00:58]} 27. Rxb7 {[%emt 0:09:02]} g5 {[%emt 0:01:00]} 28. Nd3 {[%emt 0:06:43]} Kg6+ {[%emt 0:05:25]} 29. Kg2 {[%emt 0:00:43]} Rf3 {[%emt 0:03:43]} 30. Nf2 {[%emt 0:00:55]} Rf7 {[%emt 0:01:34]} 31. Rb8 {[%emt 0:05:59]} Rc7 {[%emt 0:08:11]} 32. Rd8 {[%emt 0:04:52]} Rc6 {[%emt 0:00:54]} 33. Rg8+ {[%emt 0:01:37]} Kf6 {[%emt 0:04:24]} 34. Ng4+ {[%emt 0:00:49]} Kf7 {[%emt 0:03:26]} 35. Rxg5 {[%emt 0:01:36]} Rc2+ {[%emt 0:00:28]} 36. Kh3 {[%emt 0:00:27]} Rxb2 {[%emt 0:03:17]} 37. Rd5 {[%emt 0:01:48]} Ne6 {[%emt 0:02:59]} 38. Nh6+ {[%emt 0:04:12]} Kf6 {[%emt 0:02:14]} 39. Ng4+ {[%emt 0:05:47]} Kf7 {[%emt 0:04:18]} 40. Ra5 {[%emt 0:01:47]} Kg6 {[%emt 0:01:16]} 41. Kh4 {[%emt 0:04:04]} Rb1 {[%emt 0:04:40]} 42. Nf2 {[%emt 0:03:19]} Rb2 {[%emt 0:02:49]} 43. Nh3 {[%emt 0:02:48]} Re2 {[%emt 0:01:13]} 44. Ra4 {[%emt 0:01:19]} Rh2 {[%emt 0:01:16]} 45. Ra6 {[%emt 0:02:22]} Re2 {[%emt 0:00:45]} 46. Rxd6 {[%emt 0:04:33]} Rxe4+ {[%emt 0:00:01]} 47. g4 {[%emt 0:00:29]} Kf6 {[%emt 0:01:25]} 48. Ra6 {[%emt 0:01:23]} h6 {[%emt 0:01:29]} 49. Rxa7 {[%emt 0:01:07]} Nd4 {[%emt 0:00:24]} 50. Ra6+ {[%emt 0:02:38]} Kg7 {[%emt 0:00:06]} 51. Kg3 {[%emt 0:00:46]} Re3+ {[%emt 0:00:19]} 52. Kg2 {[%emt 0:00:07]} Ne6 {[%emt 0:01:16]} 53. a4 {[%emt 0:01:06]} Re2+ {[%emt 0:00:36]} 54. Kg3 {[%emt 0:01:03]} Re3+ {[%emt 0:00:07]} 55. Kf2 {[%emt 0:00:49]} Re5 {[%emt 0:00:57]} 56. Kf3 {[%emt 0:00:45]} Nd4+ {[%emt 0:00:27]} 57. Kf4 {[%emt 0:00:02]} Re2 {[%emt 0:00:32]} 58. Rd6 {[%emt 0:00:54]} Nb3 {[%emt 0:00:34]} 59. Kf5 {[%emt 0:00:44]} Nc5 {[%emt 0:00:30]} 60. Nf4 {[%emt 0:00:58]} Rf2 {[%emt 0:00:26]} 61. a5 {[%emt 0:00:23]} Ra2 {[%emt 0:00:27]} 62. Rd5 {[%emt 0:00:50]} Nb3 {[%emt 0:00:25]} 63. Nh5+ {[%emt 0:01:09]} Kf7 {[%emt 0:00:43]} 64. Rd7+ {[%emt 0:00:20]} Kf8 {[%emt 0:00:01]} 65. Kg6 {[%emt 0:01:11]} Nc5 {[%emt 0:01:32]} 66. Ra7 {[%emt 0:00:57]} Ke8 {[%emt 0:00:00]} 67. Kxh6 {[%emt 0:00:19]} Nd7 {[%emt 0:00:25]} 68. g5 {[%emt 0:00:36]} Rh2 {[%emt 0:00:05]} 69. a6 {[%emt 0:01:13]} Ne5 {[%emt 0:00:18]} 70. g6 {[%emt 0:00:52]} Nxg6 {[%emt 0:00:43]} 71. Kxg6 {[%emt 0:00:05]} Ra2 {[%emt 0:00:01]} 72. Ng7+ {[%emt 0:01:31]} Kd8 {[%emt 0:00:03]} 73. Ne6+ {[%emt 0:00:11]} Kc8 {[%emt 0:00:23]} 74. Kf7 {[%emt 0:00:40]} Rf2+ {[%emt 0:01:36]} 75. Ke7 {[%emt 0:00:32]} Rb2 {[%emt 0:00:48]} 76. Ra8+ {[%emt 0:00:19]} Rb8 {[%emt 0:00:01]} 77. Rxb8+ {[%emt 0:00:11]} Kxb8 {[%emt 0:00:04]} 78. Nc5 {[%emt 0:00:14]} Ka7 {[%emt 0:01:03]} 79. Kd7 {[%emt 0:00:22]} Ka8 {[%emt 0:00:06]} 80. Kc6 {[%emt 0:00:08]} Ka7 {[%emt 0:00:15]} 81. Kc7 {[%emt 0:00:07]} Ka8 {[%emt 0:00:10]} 82. Kb6 {[%emt 0:00:03]} Kb8 {[%emt 0:00:13]} 83. Ne6 {[%emt 0:00:05]} Ka8 {[%emt 0:00:28]} 84. Nc7+ {[%emt 0:00:03]} 1-0

[Event "2nd Colonial Open 2021"]
[Site "Sterling"]
[Date "2021.04.04"]
[Round "4.8"]
[White "Lu, Jason"]
[Black "Kanli, Alperen"]
[Result "1/2-1/2"]
[WhiteElo "2068"]
[BlackElo "1911"]
[Annotator "ChessBase"]
[PlyCount "112"]
[EventDate "2021.04.02"]
[EventType "swiss"]
[EventCountry "USA"]
[SourceTitle "playchess.com"]
[Source "ChessBase"]
[SourceQuality "1"]
[TimeControl "7200+30"]

1. e4 {[%emt 0:01:02]} c6 {[%emt 0:00:00]} 2. Nf3 {[%emt 0:00:08]} d5 {[%emt 0:00:00]} 3. Nc3 {[%emt 0:00:06]} Bg4 {[%emt 0:00:13]} 4. h3 {[%emt 0:00:08]} Bh5 {[%emt 0:00:05]} 5. exd5 {[%emt 0:01:44]} cxd5 {[%emt 0:00:05]} 6. Bb5+ {[%emt 0:00:48]} Nc6 {[%emt 0:00:07]} 7. g4 {[%emt 0:00:17]} Bg6 {[%emt 0:00:06]} 8. Ne5 {[%emt 0:00:11]} Rc8 {[%emt 0:00:01]} 9. d4 {[%emt 0:00:47]} e6 {[%emt 0:00:11]} 10. Bf4 {[%emt 0:18:49]} f6 {[%emt 0:02:29]} 11. Nxg6 {[%emt 0:04:09]} hxg6 {[%emt 0:00:53]} 12. Qd3 {[%emt 0:02:37]} Kf7 {[%emt 0:00:03]} 13. Bxc6 {[%emt 0:04:54]} bxc6 {[%emt 0:04:11]} 14. Ne2 {[%emt 0:02:04]} Bd6 {[%emt 0:05:41]} 15. Qg3 {[%emt 0:07:17]} Bxf4 {[%emt 0:12:26]} 16. Nxf4 {[%emt 0:00:26]} Ne7 {[%emt 0:00:08]} 17. Nd3 {[%emt 0:13:00]} Qc7 {[%emt 0:05:14]} 18. Qxc7 {[%emt 0:07:03]} Rxc7 {[%emt 0:00:01]} 19. f4 {[%emt 0:00:21]} Nc8 {[%emt 0:01:45]} 20. O-O-O {[%emt 0:01:54]} Nd6 {[%emt 0:03:31]} 21. b3 {[%emt 0:15:11]} Ne4 {[%emt 0:01:26]} 22. Kb2 {[%emt 0:00:16]} g5 {[%emt 0:02:43]} 23. Rde1 {[%emt 0:03:22]} c5 {[%emt 0:06:23]} 24. dxc5 {[%emt 0:03:12]} gxf4 {[%emt 0:00:20]} 25. Nxf4 {[%emt 0:03:12]} g5 {[%emt 0:06:23]} 26. Nd3 {[%emt 0:04:50]} Nxc5 {[%emt 0:00:03]} 27. Re3 {[%emt 0:00:26]} Ne4 {[%emt 0:04:14]} 28. c4 {[%emt 0:08:01]} dxc4 {[%emt 0:01:48]} 29. Ne5+ {[%emt 0:01:00]} fxe5 {[%emt 0:00:05]} 30. Rxe4 {[%emt 0:00:04]} cxb3 {[%emt 0:03:51]} 31. Rxe5 {[%emt 0:00:07]} Kf6 {[%emt 0:00:45]} 32. Rhe1 {[%emt 0:01:54]} Rc6 {[%emt 0:03:51]} 33. axb3 {[%emt 0:01:13]} Rxh3 {[%emt 0:00:04]} 34. Ra5 {[%emt 0:02:40]} Rb6 {[%emt 0:01:57]} 35. Rf1+ {[%emt 0:03:23]} Kg6 {[%emt 0:01:09]} 36. Rxa7 {[%emt 0:00:13]} Rhxb3+ {[%emt 0:00:13]} 37. Kc2 {[%emt 0:01:06]} R3b4 {[%emt 0:01:01]} 38. Raf7 {[%emt 0:01:19]} e5 {[%emt 0:00:31]} 39. Re7 {[%emt 0:02:39]} Rxg4 {[%emt 0:02:38]} 40. Rxe5 {[%emt 0:00:09]} Rg3 {[%emt 0:00:11]} 41. Rf8 {[%emt 0:02:21]} Ra6 {[%emt 0:01:05]} 42. Kb2 {[%emt 0:02:18]} Rf6 {[%emt 0:02:32]} 43. Rd8 {[%emt 0:03:22]} Rf2+ {[%emt 0:03:46]} 44. Kc1 {[%emt 0:00:12]} Rg1+ {[%emt 0:00:05]} 45. Rd1 {[%emt 0:00:02]} Rxd1+ {[%emt 0:00:07]} 46. Kxd1 {[%emt 0:00:02]} Kh5 {[%emt 0:00:16]} 47. Ke1 {[%emt 0:01:05]} Rf8 {[%emt 0:00:09]} 48. Re7 {[%emt 0:01:50]} Kh4 {[%emt 0:00:10]} 49. Rh7+ {[%emt 0:00:17]} Kg3 {[%emt 0:00:02]} 50. Rg7 {[%emt 0:00:17]} g4 {[%emt 0:00:05]} 51. Rh7 {[%emt 0:00:44]} Kg2 {[%emt 0:00:06]} 52. Rg7 {[%emt 0:00:02]} g3 {[%emt 0:00:07]} 53. Re7 {[%emt 0:00:21]} Kg1 {[%emt 0:01:11]} 54. Re6 {[%emt 0:01:01]} g2 {[%emt 0:01:28]} 55. Re7 {[%emt 0:00:08]} Rh8 {[%emt 0:00:19]} 56. Rg7 {[%emt 0:00:39]} Kh2 {[%emt 0:01:06]} 1/2-1/2

[Event "2nd Colonial Open 2021"]
[Site "Sterling"]
[Date "2021.04.05"]
[Round "5.1"]
[White "Paul, Justin"]
[Black "Miller, Daniel"]
[Result "1-0"]
[WhiteElo "2249"]
[BlackElo "2182"]
[Annotator "TA"]
[PlyCount "82"]
[EventDate "2021.04.02"]
[EventType "swiss"]
[EventCountry "USA"]
[SourceTitle "playchess.com"]
[Source "ChessBase"]
[SourceQuality "1"]

{[%evp 13,82,16,10,18,39,39,40,14,15,14,17,22,24,4,35,8,51,34,111,107,96,94,183,178,229,188,179,193,211,211,248,181,244,137,208,129,118,117,109,106,255,255,255,255,255,255,255,255,255,225,255,255,255,255,255,255,253,16,8,13,488,477,498,477,431,56,5677,6203,29983,29984,29977]} 1. e4 e5 2. Nf3 Nf6 3. Nxe5 d6 4. Nf3 Nxe4 5. Nc3 Nxc3 6. dxc3 Nd7 7. Be3 Be7 8. Qd2 {C42: Petroff Defence: 3 Nxe5 and unusual White 3rd moves.} Ne5 9. Nxe5 dxe5 10. Bd3 {White is slightly better.} Be6 11. Qe2 Qd5 12. f3 O-O {[#]} 13. O-O $146 ({Predecessor:} 13. Bf2 Rad8 14. a4 b6 15. O-O Bc5 16. Rad1 Bxf2+ 17. Qxf2 g6 18. Rfe1 f6 19. h4 Kg7 20. h5 gxh5 21. f4 exf4 {½-½ (21) Nekhaev,A (2487)-Volodarsky,Y (2356) ICCF email 2017}) 13... c6 14. b4 a5 (14... Qd7 {is interesting.} 15. Rad1 Qc8 16. a3 Re8 17. Bf2 Bf6) 15. Rfd1 $1 {And now Bxh7+! would win.} axb4 {[#]} (15... e4 $1 $14 16. Bxe4 {[%mdl 64] Discovered Attack} Qh5) 16. Bxh7+ $1 $16 {[%mdl 576] Discovered Attack} Kxh7 17. Rxd5 Bxd5 (17... cxd5 $16 18. cxb4 Bxb4) 18. cxb4 $18 Bxb4 (18... b5 {was necessary.} 19. a4 Bxb4) 19. c4 Be6 20. Qb2 {[%mdl 64] Double Attack} Ba3 21. Qxe5 Rfe8 22. Qc3 Kg8 {[#]} (22... Be7 {was worth a try.} 23. Bd4 Bf8) 23. Bd4 ({White should play} 23. c5 $1 $18) 23... f6 (23... Bf8 $16 {is a better defense.} 24. a4 Red8) 24. Qc2 b5 25. cxb5 cxb5 26. Re1 {aiming for Qc6.} Bf7 (26... Bc4 $16 27. Rxe8+ Rxe8) 27. Rxe8+ Rxe8 28. Qd3 b4 29. Qc2 Re1+ 30. Kf2 Rc1 31. Qd2 Bg6 {White must now prevent ...Rc2.} 32. Kg3 Rc2 33. Qf4 Rxa2 34. Qg4 Kh7 {intending ...b3.} 35. h4 $2 (35. Qh3+ $18 Kg8 36. Qe6+ Bf7 37. Qc8+ Kh7 38. Qb7) 35... b3 $11 36. h5 Bd3 {[%mdl 8192] [#]} (36... Bc2 $1 $11 {and Black stays safe.}) 37. Bxf6 $1 $18 {[%csl Gf6][%cal Rg4g7][%mdl 512]} Bd6+ (37... Bf8 38. Qc8) 38. f4 {[%csl Gf6][%cal Rg4g7]} Ra7 39. Qd1 $2 Be4 $2 {[%mdl 8192] [#]} (39... Bxf4+ $14 40. Kxf4 Bc2) 40. Qd4 $1 {[%mdl 64] Double Attack} gxf6 (40... Rf7 41. Qxe4+) 41. Qxa7+ Kg8 {Weighted Error Value: White=0.38/Black=0.61} 1-0

[Event "2nd Colonial Open 2021"]
[Site "Sterling"]
[Date "2021.04.05"]
[Round "5.2"]
[White "Chiu, Isaac"]
[Black "Singh, Hersh"]
[Result "0-1"]
[WhiteElo "2195"]
[BlackElo "2080"]
[Annotator "TA"]
[PlyCount "118"]
[EventDate "2021.04.02"]
[EventType "swiss"]
[EventCountry "USA"]
[SourceTitle "playchess.com"]
[Source "ChessBase"]
[SourceQuality "1"]

{[%evp 9,118,18,23,29,26,14,12,8,14,7,0,10,7,-1,19,18,21,22,25,13,19,14,26,30,33,29,29,38,33,36,31,25,34,18,38,0,0,0,0,0,0,0,19,0,0,0,0,-163,-152,-129,-134,-417,-410,-421,-421,-420,-421,-421,-421,-417,-414,-413,-399,-432,-432,-423,-392,-528,-527,-546,-540,-547,-534,-535,-527,-488,-439,-427,-352,-541,-491,-837,-838,-819,-787,-790,-777,-687,-641,-1305,-1312,-1312,-1015,-1402,-922,-758,-742,-29973,-29974,-29971,-29972,-29971,-12848,-29975,-29977,-29977,-29975,-29975,0,-29968,-11899]} 1. c4 e5 2. g3 Nc6 3. Bg2 Bc5 4. Nc3 a6 5. e3 d6 6. Nf3 {A25: English Opening vs King's Indian with ...Nc6 but without early d3.} Ba7 7. a3 {[#]} Nge7 $146 ({Predecessor:} 7... Bg4 8. h3 Bh5 9. O-O Nge7 10. b4 O-O 11. Bb2 f5 12. d3 f4 13. exf4 Bxf3 14. Bxf3 exf4 {0-1 (62) Aabling Thomsen,J (2358)-Bjerre,J (2470) Svendborg 2019}) 8. b4 {The position is equal.} Be6 9. d3 Qd7 10. Bb2 Bh3 11. O-O Bxg2 12. Kxg2 O-O 13. d4 exd4 14. exd4 Nf5 {[%cal Rc6d4]} 15. d5 Ncd4 16. Ne4 {[%cal Rf3d4]} Nxf3 17. Qxf3 Bd4 18. Bxd4 Nxd4 19. Qd3 Nf5 20. Rac1 a5 21. b5 b6 22. f4 Rae8 23. Rce1 Re7 24. Re2 Rfe8 25. Rfe1 Nh6 26. h3 Qf5 27. Qf3 {Nxd6! is the strong threat.} Qg6 28. g4 $2 {[#]} (28. Kf2 $11 {and White has nothing to worry.}) 28... Nf5 $1 $19 {[%cal Rf5h4] Threatens to win with ...Nh4+.} 29. Qd3 h5 30. Kh1 $2 {[%mdl 8192]} (30. Kf3 $17 hxg4+ 31. hxg4) 30... hxg4 31. hxg4 {[#]} Rxe4 $1 {[%mdl 576] Remove Defender} 32. Rxe4 Rxe4 33. Rxe4 {[#] aiming for Re8+.} Ng3+ $1 {[%mdl 576] Discovered Attack} 34. Qxg3 Qxe4+ {[%mdl 4096] Endgame KQ-KQ} 35. Kg1 Qd4+ 36. Kh2 Qxc4 37. Qe3 Kf8 38. g5 Qxd5 39. Qc3 Qc5 40. Qh3 Qf2+ 41. Kh1 Qe1+ 42. Kh2 Qe2+ 43. Kg1 {intending Qc8+.} Qe6 44. Qh8+ Ke7 45. Kf2 (45. Qh4 $142 Qe3+ 46. Kh1) 45... Qa2+ 46. Kg1 Qb1+ 47. Kg2 Qb2+ 48. Kh1 Qxb5 49. Qxg7 Qf1+ {[%mdl 64] Double Attack} 50. Kh2 Qxf4+ 51. Kh1 Qe4+ 52. Kg1 Qg6 53. Qb2 Qxg5+ 54. Kh1 Qd5+ 55. Kg1 Kd7 (55... f5 $142 56. Qg7+ Qf7 57. Qg3 c5 58. Kf2 Qe6 59. Qg7+ Kd8 60. Qb7 d5 61. Qb8+ Ke7 62. Qg3 d4 63. Qc7+ Kf6 64. a4 c4 65. Qd8+ Ke5 66. Qh8+ Qf6 67. Qe8+ Kf4 68. Qh5 d3 69. Qh2+ Ke4 70. Qg2+ Kd4 71. Kf1 c3 72. Qf2+ Kc4 73. Qa2+ Kc5 74. Qb1 Kd4 75. Qe1 d2 76. Qf2+ Kd3 77. Qg3+ Kc2 78. Qf2 Qg5 79. Qe2 Qf4+ 80. Kg2 Qe4+ 81. Qf3 d1=Q 82. Qxe4+ fxe4 83. Kh3 e3 84. Kh4 e2 85. Kg4 e1=Q+ 86. Kf4 Qe7 87. Kg3 Qg5+ 88. Kh3 Qdh5#) 56. a4 Kc8 57. Qf2 Qc5 58. Kh1 Qd5+ 59. Kg1 $1 Kb7 {Weighted Error Value: White=0.38/Black=0.06} (59... f5 $142 60. Qe2 Qd4+ 61. Kf1 Qf4+ 62. Kg2 Qg4+ 63. Kf2 Qxe2+ 64. Kxe2 c6 65. Kf2 b5 66. axb5 cxb5 67. Ke3 a4 68. Kd3 f4 69. Ke4 a3 70. Kxf4 a2 71. Ke4 a1=Q 72. Kd3 Qe1 73. Kd4 b4 74. Kd5 b3 75. Kxd6 b2 76. Kc6 b1=Q 77. Kc5 Qe5+ 78. Kc6 Qg6#) 0-1

[Event "2nd Colonial Open 2021"]
[Site "Sterling"]
[Date "2021.04.05"]
[Round "5.3"]
[White "Moor, Nathaniel Philip"]
[Black "Yanayt, Eugene"]
[Result "1-0"]
[WhiteElo "1712"]
[BlackElo "2079"]
[Annotator "TA"]
[PlyCount "81"]
[EventDate "2021.04.02"]
[EventType "swiss"]
[EventCountry "USA"]
[SourceTitle "playchess.com"]
[Source "ChessBase"]
[SourceQuality "1"]

{[%evp 20,81,48,50,35,15,0,8,0,0,10,0,0,0,19,-12,-16,-46,-39,-43,-52,-41,-53,-45,-54,-62,-57,-45,388,407,395,0,0,0,0,0,0,0,0,0,0,0,0,0,0,0,269,239,241,260,432,279,270,246,236,242,334,233,392,389,808,808,806,806]} 1. e4 c5 2. Nf3 d6 3. d4 cxd4 4. Nxd4 Nf6 5. Nc3 g6 6. Be3 Bg7 7. f3 Nc6 8. Qd2 O-O 9. Bc4 Bd7 10. O-O-O Rb8 11. h4 b5 {B78: Sicilian Dragon: Yugoslav Attack, 9 Bc4 Bd7 10 0-0-0 Rc8.} 12. Ndxb5 Ne5 13. Be2 Qa5 $1 {[%cal Rd7b5] The position is equal.} 14. Nd4 Rfc8 15. Nb3 Rxb3 16. cxb3 {And now Kb1 would win.} (16. axb3 $2 Nxe4 $1 {[%mdl 512]} 17. fxe4 Qa1+ 18. Nb1 Nc4 $1 $19 {[%mdl 512]}) 16... Qxa2 17. Qc2 (17. Bc4 $5 {[%cal Rc3a2]} Qa5 18. Kb1 $11) 17... Qa5 18. Kb1 Nc6 19. Bc4 Nb4 20. Qe2 d5 21. Bxd5 {[#] Hoping for Bc4.} (21. exd5 $2 Bf5+ 22. Kc1 Nh5 $19) 21... Rxc3 {[%csl Gb4][%cal Ra5a2]} 22. Bxf7+ $1 Kxf7 {[%csl Gb4][%cal Ra5a2]} 23. bxc3 {[#]} Bb5 $146 {[%mdl 8192]} ({Predecessor:} 23... Nfd5 24. Rxd5 Nxd5 25. Qc4 Qxc3 26. Qxc3 Nxc3+ 27. Kc2 a6 28. h5 Ne2 29. Rd1 Bb5 30. Rd5 e5 31. hxg6+ hxg6 32. Rc5 Kf6 {½-½ (32) Garcia Ramirez,C (2154)-Senzacqua,F (2140) ICCF email 2011}) 24. cxb4 $18 Qa6 {[#]} 25. Qc2 (25. Qf2 $1 $18) 25... Nd5 $1 $11 {[%csl Gg7][%cal Ra6a1]} 26. Bd4 Nxb4 27. Qb2 Bd3+ 28. Kc1 Bh6+ 29. Rd2 $1 Bc2 {aiming for ...Nd3+.} 30. Qa1 $1 {[%cal Ra1a6]} (30. f4 $2 Bxf4 31. Bc3 Nd3+ 32. Kxc2 Nxb2 $19) 30... Qd3 {[%mdl 64] Double Attack, Pin} 31. Bc3 {[%cal Rc3b4]} ({Avoid the trap} 31. Qc3 $2 Bxd2+ 32. Qxd2 Na2+ 33. Kb2 Qxd2 $19) 31... Bb1 {[%csl Gb1,Gb4][%cal Rd3c2]} 32. Kd1 Bc2+ {[%mdl 8192]} (32... Bxd2 $11 {and Black has nothing to worry.} 33. Bxd2 Qxb3+ 34. Ke2 Qd3+ 35. Kd1 Qc2+ 36. Ke2 (36. Ke1 $2 Nd3+ 37. Ke2 Nf4+ {[%mdl 64] Double Attack} 38. Ke3 Nxg2+ 39. Kf2 Qxd2+ $19) 36... Qd3+ 37. Kd1 Qb3+ 38. Ke2 Qd3+) 33. Ke1 $18 Bxd2+ 34. Bxd2 Qxb3 $2 (34... Bxb3 {keeps fighting.} 35. Qc3 (35. Bxb4 $2 {is a self mate.} Qe3+ 36. Kf1 Bc4#) 35... Qxc3 36. Bxc3 Nc6) 35. Kf2 Nd3+ 36. Kg3 Qb8+ 37. e5 Qb6 {White must now prevent ...Qf2+.} 38. Rf1 {Qc3 is the strong threat.} Bb3 $2 (38... Qe6 {was necessary.} 39. Bg5 Qxe5+ 40. Qxe5 Nxe5) 39. Qc3 Qb5 (39... Qe6 40. Qxd3 Bc4) 40. Rb1 Nc5 41. Be3 {Weighted Error Value: White=0.35/Black=0.50} 1-0

[Event "2nd Colonial Open 2021"]
[Site "Sterling"]
[Date "2021.04.05"]
[Round "5.4"]
[White "Lee, Justin"]
[Black "Altman, Joshua"]
[Result "1/2-1/2"]
[WhiteElo "1953"]
[BlackElo "1926"]
[Annotator "TA"]
[PlyCount "64"]
[EventDate "2021.04.02"]
[EventType "swiss"]
[EventCountry "USA"]
[SourceTitle "playchess.com"]
[Source "ChessBase"]
[SourceQuality "1"]

{[%evp 21,64,14,27,17,39,21,29,15,24,0,6,0,0,0,0,0,17,19,21,0,0,0,0,0,0,0,0,0,0,0,0,-17,-6,-4,-6,-6,0,-10,0,0,0,0,0,-32,-23]} 1. e4 e6 2. d4 d5 3. Nc3 Nf6 4. Bg5 dxe4 5. Nxe4 Nbd7 6. Nf3 Be7 7. Nxf6+ Nxf6 8. Bd3 b6 9. O-O Bb7 10. c3 O-O 11. Qe2 c5 12. dxc5 {C10: French with 3 Nc3: Unusual Black 3rd moves and 3...dxe4.} bxc5 13. Rad1 {[#] And now Bxh7+! would win.} Qc7 14. Ne5 {White has an edge.} Rad8 {[#]} 15. Nc4 $146 ({Predecessor:} 15. Rfe1 Bd5 16. c4 Ba8 17. Qe3 Rd4 18. Qh3 g6 19. Bh6 Nh5 20. Bxf8 Nf4 21. Qg3 Bxf8 {½-½ (50) Kaplan,S (2326)-Shachar,E (2394) Ramat Aviv 2004}) 15... Nd5 {[#]} 16. Qe4 $1 {[%csl Gd3][%cal Re4h7]} g6 17. Bxe7 Qxe7 18. Qe5 Qf6 19. Rfe1 Ba6 20. Bf1 {Threatens to win with Rxd5!} Bxc4 21. Qxf6 Nxf6 22. Bxc4 Rb8 23. b3 Rfd8 24. Kf1 Kf8 25. f3 Ke7 26. a4 Rd6 27. Rxd6 Kxd6 $11 {KRB-KRN} 28. Ke2 Kc7 29. Rd1 a5 30. Ke3 Nd5+ 31. Bxd5 exd5 32. Rb1 Kc6 {A rather calm draw.  Weighted Error Value: White=0.07/Black=0.03} 1/2-1/2

[Event "2nd Colonial Open 2021"]
[Site "Sterling"]
[Date "2021.04.04"]
[Round "5.5"]
[White "Kanli, Alperen"]
[Black "Zhurbinsky, David"]
[Result "0-1"]
[WhiteElo "1911"]
[BlackElo "1823"]
[Annotator "TA"]
[PlyCount "46"]
[EventDate "2021.04.02"]
[EventType "swiss"]
[EventCountry "USA"]
[SourceTitle "playchess.com"]
[Source "ChessBase"]
[SourceQuality "1"]

{[%evp 19,46,6,16,-9,-1,-9,35,39,54,35,62,48,42,51,52,57,44,44,51,33,35,0,0,2,40,40,39,-399,-401]} 1. d4 Nf6 2. c4 e6 3. Nc3 Bb4 4. e3 O-O 5. Bd3 d5 6. Nge2 c5 7. cxd5 cxd4 8. exd4 Nxd5 9. O-O Nc6 10. a3 Ba5 11. Qc2 {E48: Nimzo-Indian: Rubinstein: 5 Bd3 d5 including 6 Ne2, but excluding 6 a3.} h6 12. Nxd5 Qxd5 13. Rd1 {[#] White is slightly better.} Qh5 $146 ({Predecessor:} 13... Rd8 14. Bh7+ Kh8 15. Be4 Qb5 16. Bf4 Bb6 17. a4 Qb4 18. Bxc6 bxc6 19. a5 Bxd4 {1-0 (29) Ozenir,E (2098)-Ozates,T (2291) Kocaeli 2017}) 14. Be4 Bc7 15. Ng3 Bxg3 16. hxg3 Bd7 17. Bf4 Rac8 {[#] ...Nxd4! is the strong threat.} 18. Qd3 Rfd8 19. b4 e5 20. Bxc6 (20. Bxe5 $5 Be6 21. Bf3 Nxe5 22. dxe5 Rxd3 23. Bxh5 Rxd1+ 24. Rxd1 $14) 20... Bxc6 21. Bxe5 Rd5 22. Rac1 Rcd8 {Strongly threatening ...Qxe5!} 23. Rc5 $2 {[%mdl 8192] [#]} (23. Bf4 $14 {stays ahead.}) 23... Qxe5 $1 {[%mdl 512] Weighted Error Value: White=0.68/Black=0.10} 0-1